000 00321nam a22001337a 4500
008 170825b xxu||||| |||| 00| 0 eng d
020 _a9780077889319
041 _aeng
080 _27 ED
_a070
100 _a39
101 _aMED
245 _aTOGETHER WE ARE COMMUNICANTING IN GROUP
_cADAMS.K
942 _2udc
_cBK
999 _c25027
_d25027